[Event "Moncada Cup-E"]
[Site "Santiago de Cuba"]
[Date "2019.03.28"]
[Round "9.3"]
[White "Ferrer Barrera, Vladimir"]
[Black "Calderin Gamayo, Julio Cesar"]
[Result "0-1"]
[WhiteElo "2188"]
[BlackElo "2172"]
[PlyCount "50"]
[EventDate "2019.03.20"]
[EventType "tourn"]
[EventRounds "10"]
[EventCountry "CUB"]
[SourceTitle "EXT 2023"]
[Source "ChessBase"]
[SourceDate "2022.10.05"]
[SourceVersion "1"]
[SourceVersionDate "2022.10.05"]
[SourceQuality "1"]

1. e4 c5 2. Nf3 Nc6 3. d4 cxd4 4. Nxd4 e5 5. Nxc6 bxc6 6. Qf3 Nf6 7. Nc3 Bb4 8. Bd2 0-0 9. 0-0-0 d5 10. h3 d4 11. Bg5 Be7 12. Bc4 Rb8 13. Nb1 a5 14. c3 c5 15. Na3 Bd7 16. Qe2 Ne8 17. Bxe7 Qxe7 18. Bb5 Nd6 19. Bxd7 Qxd7 20. cxd4 cxd4 21. Kb1 f5 22. exf5 Qxf5+ 23. Rd3 Qxf2 24. Re1 e4 25. Qxf2 Rxf2 0-1

[Event "Havana Cobo Memorial tt"]
[Site "Havana"]
[Date "2018.02.01"]
[Round "8"]
[White "Ferrer Barrera, Vladimir"]
[Black "Gutierrez Delgado, Yusuan Alfredo"]
[Result "0-1"]
[WhiteElo "2158"]
[BlackElo "2268"]
[PlyCount "110"]
[EventDate "2018.01.25"]
[EventType "team-tourn"]
[EventRounds "10"]
[EventCountry "CUB"]
[SourceTitle "EXT 2021"]
[Source "ChessBase"]
[SourceDate "2020.10.23"]
[SourceVersion "1"]
[SourceVersionDate "2020.10.23"]
[SourceQuality "1"]

1. e4 c5 2. Nf3 e6 3. d4 cxd4 4. Nxd4 Nc6 5. Nxc6 bxc6 6. Bd3 Nf6 7. Qe2 e5 8. 0-0 Bc5 9. Nc3 a5 10. Na4 Ba7 11. c4 d6 12. b3 Bg4 13. Qc2 Bd4 14. Bb2 Bxb2 15. Qxb2 c5 16. f3 Be6 17. Rad1 0-0 18. Rf2 Qe7 19. Rfd2 Rfb8 20. Bf1 Ne8 21. Qc2 Qg5 22. Nc3 Bd7 23. a4 Rb4 24. Rd3 Rab8 25. Nd5 R4b7 26. R1d2 h5 27. Rf2 h4 28. f4 exf4 29. Rxf4 Be6 30. Rdf3 Bg4 31. Rc3 Be6 32. h3 Nc7 33. Rcf3 Na6 34. Kh2 Nb4 35. Qf2 Nc6 36. Rxh4 Rxb3 37. Rhf4 Ne5 38. Rxb3 Rxb3 39. Ne3 Rb2 40. Qg3 Qxg3+ 41. Kxg3 Rb3 42. Kf2 g5 43. Rf6 Kg7 44. Rf5 Bxf5 45. Nxf5+ Kf6 46. Nxd6 Rb4 47. Be2 Ke6 48. Nb5 Rxa4 49. g3 Ra2 50. h4 gxh4 51. gxh4 a4 52. Nc3 Ra1 53. Bd1 a3 54. Bb3 Rc1 55. Ne2 Rb1 0-1

[Event "Havana Cobo Memorial tt"]
[Site "Havana"]
[Date "2018.01.25"]
[Round "1"]
[White "Lopez Vilier, Luis Angel"]
[Black "Ferrer Barrera, Vladimir"]
[Result "1-0"]
[WhiteElo "2293"]
[BlackElo "2158"]
[PlyCount "91"]
[EventDate "2018.01.25"]
[EventType "team-tourn"]
[EventRounds "10"]
[EventCountry "CUB"]
[SourceTitle "EXT 2021"]
[Source "ChessBase"]
[SourceDate "2020.10.23"]
[SourceVersion "1"]
[SourceVersionDate "2020.10.23"]
[SourceQuality "1"]

1. Nf3 Nf6 2. c4 c5 3. Nc3 Nc6 4. g3 g6 5. Bg2 Bg7 6. 0-0 0-0 7. Ne1 e6 8. e4 a6 9. Nc2 d6 10. d3 Rb8 11. f4 Bd7 12. Be3 Qe7 13. d4 cxd4 14. Nxd4 Rfc8 15. Nb3 b5 16. c5 d5 17. exd5 exd5 18. Re1 Be6 19. f5 gxf5 20. Bf4 Ne4 21. Nxd5 Qa7 22. Bxb8 Rxb8 23. Bxe4 fxe4 24. Nf4 Rd8 25. Qc2 Bxb3 26. axb3 f5 27. Ne6 Rd3 28. Rad1 Nb4 29. Qf2 Qd7 30. Rxd3 Nxd3 31. Qd2 Bf6 32. Kf1 Qd5 33. Nf4 Qxb3 34. Nxd3 exd3 35. c6 Qd5 36. Qg2 Qc4 37. Rd1 d2+ 38. Kg1 Bd4+ 39. Kh1 Be3 40. Qf3 f4 41. gxf4 Bxf4 42. b3 Qf7 43. Rxd2 Qc7 44. Rd7 Qe5 45. Qd5+ Qxd5+ 46. Rxd5 1-0